Causes of Death II - Statistics

General Stats
  • This quiz has been taken 18 times
  • The average score is 7 of 21
Answer Stats
Hint Answer % Correct
Opioid Use Disorders United States | Estonia | Canada | Lithuania | United Arab Emirates
76%
Alcoholic Cardiomyopathy Latvia | Ukraine | Russia | Montenegro | Hungary
65%
Bulimia Nervosa Austria | Switzerland | Germany | Panama | Netherlands
47%
Chagas Disease Bolivia | Venezuela | Brazil | Argentina | Paraguay
47%
Preterm Birth Mali | Central African Republic | Chad | Benin | Nigeria
47%
Typhoid Fever Pakistan | Burkina Faso | Bangladesh | India | Bhutan
47%
Asbestosis Palau | Australia | Finland | Monaco | United Kingdom
47%
Falls Cuba | Croatia | Slovenia | France | Switzerland
35%
Rheumatoid Arthritis Finland | United Kingdom | Denmark | Sweden | New Zealand
35%
Syphilis Solomon Islands | Uganda | South Sudan | Liberia | Equatorial Guinea
35%
Tetanus Somalia | Kenya | Chad | Central African Republic | South Sudan
35%
Physical Violence by Sharp Object (Stabbing) South Africa | Lesotho | Eswatini | Botswana | Namibia
35%
Appendicitis Honduras | Haiti | Central African Republic | Guyana | Bolivia
29%
Other (Non-Protein Energy) Nutritional Deficiencies Pakistan | Mali | Bangladesh | Saint Kitts and Nevis | Nepal
29%
Multiple Sclerosis United Kingdom | Denmark | Norway | Switzerland | Germany
29%
Extensively Drug-Resistant Tuberculosis Ukraine | Uzbekistan | Moldova | Kyrgyzstan | Turkmenistan
24%
Brain and Nervous System Cancer Croatia | Greece | San Marino | Bosnia and Herzegovina | Serbia
18%
Decubitus Ulcer (Bed Sore) Barbados | Dominica | Malta | Antigua and Barbuda | Bahamas
6%
Down Syndrome Burkina Faso | Haiti | Afghanistan | Mali | Sierra Leone
6%
Kidney Disease due to Hypertension Mauritius | Palau | Seychelles | Dominica | El Salvador
6%
Cyclist Road Injuries North Korea | Vietnam | Rwanda | Belize | Guyana
6%
No matching quizzes found
Score Distribution
Percent of People with Each Score
Percentile by Number Answered
Your Score History
You have not taken this quiz